Most Wasted Materials Quiz Stats

 Plays Quiz not verified by Sporcle

Also try: The 'Port' Game
Challenge
Share
Tweet
Embed
Score 0/8 Timer 04:00
0 Plays Today
Percentage Material % Correct
12.9%Plastics
88.5%
26.6%Paper
78.8%
14.9%Food
76.9%
9%Metals
71.2%
6.2%Wood
63.5%
4.4%Glass
51.9%
9.5%Rubber, leather & textiles
36.5%
13.3%Yard trimmings
5.8%

You're not logged in!

Compare scores with friends on all Sporcle quizzes.
Join for Free
OR
Log In

You Might Also Like...

Show Comments

Extras

Top Quizzes Today


Score Distribution

Your Account Isn't Verified!

In order to create a playlist on Sporcle, you need to verify the email address you used during registration. Go to your Sporcle Settings to finish the process.

Report this User

Report this user for behavior that violates our Community Guidelines.

Details: